000
00515nam a2200169Ia 4500
008
090711s9999 xx 000 0 und d
082
_b
69686
100
_a
क्षेत्रमाडे सुमती
245
_a
पतिव्रता
260
_c
1992
300
_a
192
600
_a
क्षेत्रमाडे सुमती
630
_a
पतिव्रता
700
_a
क्षेत्रमाडे सुमती
730
_a
पतिव्रता
942
_c
BOOK
999
_c
304950
_d
304950